Normal view
MARC view
- EHTISHAM TANVIR NAVEED AZIZ MALIK QASIM NAZIR
Entry Personal Name
001 - CONTROL NUMBER
- control field: 71312
003 - CONTROL NUMBER IDENTIFIER
- control field: NUST
005 - DATE AND TIME OF LATEST TRANSACTION
- control field: 20210628204623.0
008 - FIXED-LENGTH DATA ELEMENTS
- fixed length control field: 210628|| aca||aabn | a|a d
040 ## - CATALOGING SOURCE
- Original cataloging agency: NUST
- Transcribing agency: NUST
100 ## - HEADING--PERSONAL NAME
- Personal name: EHTISHAM TANVIR NAVEED AZIZ MALIK QASIM NAZIR
670 ## - SOURCE DATA FOUND
- Source citation: Work cat.: (NUST): EHTISHAM TANVIR NAVEED AZIZ MALIK QASIM NAZIR , PR-SOF-1454-MULTI-BODY DYNAMICS BASED DESIGN AND FABRICATION OF THREE DEGREE OF FREEDOM PARALLEL ROBOTIC MANIPULATOR, 2015
